000 01002nam a22001937a 4500
999 _c58776
_d58776
005 20220721151156.0
008 220721s2019ru xxu||||| |||| 00| 0 rus d
020 _a9789941266560
041 _ageo
080 _a323.15(479.222.5)+21/28(479.22) И-25
100 _aИвелашвили, Тина
_914464
245 _aРелигиозные меньшинства в Самцхе-Джавахети :
_b[Монография] /
_cТина Ивелашвили ; Ред. Бондо Арвеладзе .
300 _a298 с.:
_b20 см.
500 _aბიბლიოგრაფია ტექსტის შენიშვნებში და გვ. 290-298.
653 _aრელიგიური უმცირესობა სამცხე-ჯავახეთში.
700 _aАрвеладзе, Бондо
_eრედაქტორი
_914469
710 _aЮЛГП Национальный научный фонд Шота Руставели.
_914470
942 _2udc
_cBK